Zamestnanci a ich kariérny cyklus
Stanovovanie si vlastných cieľov je nevyhnutný proces potrebný na osobný postup požadovaným smerom. Niekoľko etáp kariérneho cyklu - prípravné obdobie (obdobie štúdia, prípravy na zamestnanie). Profesionálne obdobie začína nástupom do zamestnania. Začiatok kariéry, stredný vek kariéry, starší vek ka...
Guardado en:
| Autor principal: | |
|---|---|
| Formato: | Capítulo de libro |
| Lenguaje: | eslovaco |
| Materias: | |
| Etiquetas: |
Sin Etiquetas, Sea el primero en etiquetar este registro!
|
MARC
| LEADER | 00000naa$a2200000$$$4500 | ||
|---|---|---|---|
| 001 | 0070990 | ||
| 005 | 20240502071841.9 | ||
| 041 | 0 | |a slo | |
| 044 | |a SK | ||
| 245 | 1 | 0 | |a Zamestnanci a ich kariérny cyklus |c Hana Gažová Adamková |
| 520 | |a Stanovovanie si vlastných cieľov je nevyhnutný proces potrebný na osobný postup požadovaným smerom. Niekoľko etáp kariérneho cyklu - prípravné obdobie (obdobie štúdia, prípravy na zamestnanie). Profesionálne obdobie začína nástupom do zamestnania. Začiatok kariéry, stredný vek kariéry, starší vek kariéry. | ||
| 610 | 2 | 0 | |a kariéra |
| 610 | 2 | 0 | |a zamestnanci |
| 100 | 1 | |a Gažová Adamková, Hana, 1969- | |